Life cycle of an elephant : (Record no. 59444)
[ view plain ]
| 000 -LEADER | |
|---|---|
| fixed length control field | 01928nam a22002897a 4500 |
| 005 - DATE AND TIME OF LATEST TRANSACTION | |
| control field | 2011121400300.0 |
| 010 ## - LCCN (DPL NO) | |
| LC control number | B-468802-807 |
| 020 ## - INTERNATIONAL STANDARD BOOK NUMBER | |
| International Standard Book Number | 9788179932414 |
| Terms of availability | 75.00 |
| 035 ## - SYSTEM CONTROL NUMBER | |
| System control number | B-468802-807 |
| 037 ## - SOURCE OF ACQUISITION | |
| Stock number | Blue Berry/Ven |
| 082 ## - DEWEY DECIMAL CLASSIFICATION NUMBER | |
| Classification number | 599.67 |
| 100 ## - MAIN ENTRY--PERSONAL NAME | |
| Personal name | Mukherjee, Vijita |
| 245 ## - TITLE STATEMENT | |
| Title | Life cycle of an elephant : |
| Statement of responsibility, etc | by Vijita Mukherjee; edited by Anupama Jauhry |
| Remainder of title | grow with me / |
| 260 ## - PUBLICATION, DISTRIBUTION, ETC. (IMPRINT) | |
| Place of publication, distribution, etc | New Delhi |
| Name of publisher, distributor, etc | Teri Press |
| Date of publication, distribution, etc | 2011 |
| 270 ## - ADDRESS | |
| Address | Darbari Seth Block, IHC Complex, Lodhi Road |
| City | New Delhi |
| Postal code | 110003 |
| 300 ## - PHYSICAL DESCRIPTION | |
| Extent | 16p. |
| Other physical details | col.ill |
| Dimensions | 23cm(pbk) |
| 490 ## - SERIES STATEMENT | |
| Series statement | Circle of life; edited by Arshi Ahmad |
| -- | 50552 |
| 700 ## - ADDED ENTRY--PERSONAL NAME | |
| Personal name | Jauhry, Anupama |
| 9 (RLIN) | 36910 |
| 942 ## - ADDED ENTRY ELEMENTS (KOHA) | |
| Source of classification or shelving scheme | Dewey Decimal Classification |
| Item type | Children Books |
| Call number suffix | MUK |
| Classification part | 599.67 |
| Withdrawn status | Lost status | Not for loan | Collection code | Home library | Current library | Date acquired | Source of acquisition | Cost, normal purchase price | Full call number | Barcode | Copy number | Cost, replacement price | Koha item type |
|---|---|---|---|---|---|---|---|---|---|---|---|---|---|
| Non-fiction | Bawana | Bawana | 27/07/2012 | Blue Berry/IN8224/24.03.2012/43/20.03.2012/29.03.2012 | 75.00 | 599.67 MUK | B-468806 | 1 | 75.00 | Children Books | |||
| Non-fiction | Central Library | Central Library | 27/07/2012 | Blue Berry/IN8224/24.03.2012/43/20.03.2012/29.03.2012 | 75.00 | 599.67 MUK | B-468802 | 1 | 75.00 | Children Books | |||
| Non-fiction | Karol Bagh | Karol Bagh | 27/07/2012 | Blue Berry/IN8224/24.03.2012/43/20.03.2012/29.03.2012 | 75.00 | 599.67 MUK | B-468803 | 1 | 75.00 | Children Books | |||
| Written-off vide DLB M. No. 383 dt 16.05.19 | Non-fiction | Katevara | Katevara | 27/07/2012 | Blue Berry/IN8224/24.03.2012/43/20.03.2012/29.03.2012 | 75.00 | 599.67 MUK | B-468807 | 1 | 75.00 | Children Books | ||
| Non-fiction | Narela | Narela | 27/07/2012 | Blue Berry/IN8224/24.03.2012/43/20.03.2012/29.03.2012 | 75.00 | 599.67 MUK | B-468805 | 1 | 75.00 | Children Books | |||
| Non-fiction | New Rohtak Road | New Rohtak Road | 27/07/2012 | Blue Berry/IN8224/24.03.2012/43/20.03.2012/29.03.2012 | 75.00 | 599.67 MUK | B-468804 | 1 | 75.00 | Children Books |
